<?xml version='1.0' encoding='UTF-8'?>
  <record xmlns="http://www.loc.gov/MARC21/slim">
    <leader>00000cem a2200000 i 4500</leader>
    <controlfield tag="001">ocn980374087</controlfield>
    <controlfield tag="003">OCoLC</controlfield>
    <controlfield tag="005">20250813043334.9</controlfield>
    <controlfield tag="008">040902s1733    ne        a     0   dut d</controlfield>
    <datafield tag="040" ind1=" " ind2=" ">
      <subfield code="a">QGJ</subfield>
      <subfield code="b">dut</subfield>
      <subfield code="c">QGJ</subfield>
      <subfield code="d">OCLCO</subfield>
      <subfield code="d">OCLCA</subfield>
      <subfield code="d">OCLCL</subfield>
      <subfield code="d">OCLCQ</subfield>
    </datafield>
    <datafield tag="035" ind1=" " ind2=" ">
      <subfield code="a">(OCoLC)980374087</subfield>
    </datafield>
    <datafield tag="041" ind1=" " ind2=" ">
      <subfield code="a">dut</subfield>
    </datafield>
    <datafield tag="084" ind1=" " ind2=" ">
      <subfield code="a">74.20</subfield>
      <subfield code="2">bcl</subfield>
    </datafield>
    <datafield tag="245" ind1="0" ind2="4">
      <subfield code="a">Het eylandt West-Voorn of Goedereede met de dieptens en de droogtens ronds-omme, tot aan den Hoek van Hollandt, etc. /</subfield>
      <subfield code="c">volgens order van ... de Heeren Staaten van Holland &amp; West-Vrieslandt, gemeeten, gepeylt en op voetmaat in kaart gebragt; bezuyden het eylandt in Maart 1729, en daar benoorden in de maanden July 1731 en 1732 door ... Nicol. Cruquius ; en vervolgens in 't koper door David Coster ; en gelettert door Claas Kondet, anno 1733.</subfield>
    </datafield>
    <datafield tag="264" ind1=" " ind2="1">
      <subfield code="a">[Plaats van uitgave niet vastgesteld] :</subfield>
      <subfield code="b">[uitgever niet vastgesteld],</subfield>
      <subfield code="c">1733.</subfield>
    </datafield>
    <datafield tag="300" ind1=" " ind2=" ">
      <subfield code="a">1 krt. :</subfield>
      <subfield code="b">kopergravure ;</subfield>
      <subfield code="c">65 x 55 cm</subfield>
    </datafield>
    <datafield tag="336" ind1=" " ind2=" ">
      <subfield code="a">cartografische afbeelding</subfield>
      <subfield code="b">cri</subfield>
      <subfield code="2">rdacontent/dut</subfield>
    </datafield>
    <datafield tag="337" ind1=" " ind2=" ">
      <subfield code="a">zonder medium</subfield>
      <subfield code="b">n</subfield>
      <subfield code="2">rdamedia/dut</subfield>
    </datafield>
    <datafield tag="338" ind1=" " ind2=" ">
      <subfield code="a">vel</subfield>
      <subfield code="b">nb</subfield>
      <subfield code="2">rdacarrier/dut</subfield>
    </datafield>
    <datafield tag="500" ind1=" " ind2=" ">
      <subfield code="a">Inzetten: [1.] De noord-zyde van Goede-reede ... . [2.] Toestandt van den Quaaden-Hoek in july 1732. [3.] Profil van de linie A. [4] De wyse van 't vallen en rysen des waters, by ebbe &amp; vloedt aan de haven.</subfield>
    </datafield>
    <datafield tag="500" ind1=" " ind2=" ">
      <subfield code="a">Met 3 schaalstokken.</subfield>
    </datafield>
    <datafield tag="510" ind1="0" ind2=" ">
      <subfield code="a">Donkersloot-de Vrij (Topografische kaarten van Nederland vóór 1750) 812</subfield>
    </datafield>
    <datafield tag="510" ind1="0" ind2=" ">
      <subfield code="a">Koeman (Handleiding)</subfield>
    </datafield>
    <datafield tag="650" ind1=" " ind2="7">
      <subfield code="a">Kusten.</subfield>
      <subfield code="0">(NL-LeOCL)078567785.</subfield>
      <subfield code="2">gtt</subfield>
    </datafield>
    <datafield tag="650" ind1=" " ind2="7">
      <subfield code="a">Diepte.</subfield>
      <subfield code="0">(NL-LeOCL)198479255.</subfield>
      <subfield code="2">gtt</subfield>
    </datafield>
    <datafield tag="651" ind1=" " ind2="7">
      <subfield code="a">Goeree-Overflakkee.</subfield>
      <subfield code="0">(NL-LeOCL)114447837.</subfield>
      <subfield code="2">gtt</subfield>
    </datafield>
    <datafield tag="651" ind1=" " ind2="7">
      <subfield code="a">Voorne.</subfield>
      <subfield code="0">(NL-LeOCL)095964290.</subfield>
      <subfield code="2">gtt</subfield>
    </datafield>
    <datafield tag="700" ind1="1" ind2=" ">
      <subfield code="a">Cruquius, Nicolaes</subfield>
      <subfield code="q">(Nicolaes Samuelsz),</subfield>
      <subfield code="d">1678-1754.</subfield>
      <subfield code="1">https://id.oclc.org/worldcat/entity/E39PBJjHbxDxqQ6x7Ht4fx83cP</subfield>
    </datafield>
    <datafield tag="700" ind1="1" ind2=" ">
      <subfield code="a">Coster, David,</subfield>
      <subfield code="d">ca. 1686-1752.</subfield>
      <subfield code="1">https://id.oclc.org/worldcat/entity/E39PBJw94xbtyKQmdbWwDYrcyd</subfield>
    </datafield>
    <datafield tag="700" ind1="1" ind2=" ">
      <subfield code="a">Kondet, Claas,</subfield>
      <subfield code="d">ca. 1685-1725.</subfield>
    </datafield>
    <datafield tag="856" ind1="4" ind2="1">
      <subfield code="u">http://objects.library.uu.nl/reader/resolver.php?obj=002080322&amp;type=2</subfield>
      <subfield code="x">Online</subfield>
      <subfield code="z">Full Text</subfield>
    </datafield>
    <datafield tag="936" ind1=" " ind2=" ">
      <subfield code="a">BATCHLOAD</subfield>
    </datafield>
  </record>